=LDR 00000nam 2200000 4500 =001 INLIS000000000001615 =005 20200804015436 =035 ##$$a 0010-061300000001615 =008 200804################g##########0#ind## =041 ##$$a Ind =082 ##$$a 2x0.04 =090 ##$$a 2x0.04, Rah-e =100 ##$$a Rahman, Fazlur =245 1#$$a Etika pengobatan Islam : $b Penjelajahan seorang Neomodernis /$c Fazlur Rahman ; Penerjemah Jaziar Radianti =260 ##$$a Bandung :$b Mizan,$c 1999 =300 ##$$a 195 hlm. ; $c 16x24 cm. =650 #4$$a Islam =650 #4$$a Pengobatan =700 #$$a Radianti, Jaziar =850 ##$$a NBPNMAT =020 ##$$a 979-433-216-x =084 ##$$a 2x0.04 RAH e =504 ##$$a Indeks : hlm. 189 - 195 =990 ##$$a 155.084 pro.2000